| 000 | 00584nam a22001937a 4500 | ||
|---|---|---|---|
| 999 |
_c178678 _d178678 |
||
| 005 | 20210409171329.0 | ||
| 010 | _aENG-129443 | ||
| 020 |
_c1430.00 _a978-81-942413-4-8 |
||
| 035 | _aEN-112975 | ||
| 035 | _aEN-112975 | ||
| 037 | _bDBAD/PUB | ||
| 082 | _a371.1 | ||
| 245 |
_aTeachership : Professional Citizenship, Leadership and Entrepreneurship among Teachers/ _c by Alexander Kyei Edwards |
||
| 260 |
_aKolkata _bExceller Books _c2019 |
||
| 270 |
_bKolkata _e700056 |
||
| 300 |
_a207p ; _c20cm(pbk) |
||
| 942 |
_2ddc _cEN _h371.1 _mEDW |
||